Canadian Cities Bigger than their Capital - Statistics

General Stats
  • This quiz has been taken 101 times
  • The average score is 10 of 18
Answer Stats
Province City Capital % Correct
British Columbia Vancouver Victoria
100%
Alberta Calgary Edmonton
95%
Quebec Montreal Quebec City
94%
Saskatchewan Saskatoon Regina
82%
British Columbia Surrey Victoria
62%
New Brunswick Saint John Fredericton
60%
New Brunswick Moncton Fredericton
55%
British Columbia Kelowna Victoria
54%
British Columbia Nanaimo Victoria
51%
British Columbia Abbotsford Victoria
47%
British Columbia Burnaby Victoria
47%
British Columbia Kamloops Victoria
47%
British Columbia Richmond Victoria
46%
British Columbia North Vancouver Victoria
44%
British Columbia Coquitlam Victoria
36%
British Columbia Delta Victoria
31%
British Columbia Langley Victoria
31%
British Columbia Saanich Victoria
20%
No matching quizzes found
Score Distribution
Percent of People with Each Score
Percentile by Number Answered
Your Score History
You have not taken this quiz